| 000 | 004710000a22001930004500 | ||
|---|---|---|---|
| 999 |
_c49161 _d49161 |
||
| 001 | 2011 | ||
| 003 | CO-MdFUSB | ||
| 005 | 20180517154744.0 | ||
| 008 | 180517b xxu||||| |||| 00| 0 eng d | ||
| 020 | _a970-22-1188-3 | ||
| 040 | _cCO-MdBIC | ||
| 082 | 0 | 4 | _a036 L32pi |
| 100 | 1 | _aEstrada Amalia | |
| 245 | 1 | 0 | _aLos insectos / Amalia Estrada ilustraciones Pascale Estellon |
| 260 | _aMexico : Larousse | ||
| 300 | _a32 P. | ||
| 650 | 1 | 4 | _aEnciclopedias |
| 942 | _cLGB | ||